Bamboos: current research : proceedings of the ... , Cochin, India, 14-18 November 1988

Bibliographic Details
Corporate Author: INTERNATIONAL Bamboo Workshop
Other Authors: Rao
Format: Book
Published: India; Canada , The Kerala Forest Research Institute; International Development Research Centre , 1990
Subjects:

MARC

LEADER 00000cam a2200000 7i4500
001 0000002728
005 20031229.0
020 0 0 |a 9810020848 
090 0 0 |a 633.58   |b INT 1990 
110 1 0 |a INTERNATIONAL Bamboo Workshop   |k 1988   |j Cochin, India 
245 1 0 |a Bamboos: current research :   |b proceedings of the ... , Cochin, India, 14-18 November 1988   |c editors, I. V. Ramanuja Rao, R. Gnanaharan, Cherla B. Sastry 
260 0 0 |a India; Canada ,   |c The Kerala Forest Research Institute; International Development Research Centre ,   |c 1990 
300 |a xi, 394 p. :   |b ill. ;   |c 27 cm. 
500 0 0 |a Includes bibliographical references 
650 0 0 |a Bamboo   |x Congresses 
700 0 1 |a Rao   |h I. V. Ramanuja 
998 |a JPSM 
999 |a 0000003754   |b Monograph   |c Open Shelf   |e Default branch